| 000 | 00506nam a22001817a 4500 | ||
|---|---|---|---|
| 003 | CEME | ||
| 005 | 20210628210739.0 | ||
| 008 | 210212b xxu||||| |||| 00| 0 eng d | ||
| 020 | _a0-7803-1017-9 | ||
| 040 | _c. | ||
| 082 | _a621.3 CHR | ||
| 100 |
_aChristopoulos, Christos _980820 |
||
| 245 | _aThe transmission line modeling method tlm | ||
| 260 |
_aOXFORD _bOXFORD UNIVERSITY PRESS _c1995 |
||
| 300 | _a236P | ||
| 650 |
_aMICROWAVE TRANSMISSION LINES-MATHEMATICAL MODELS _980821 |
||
| 942 |
_cBK _2ddc |
||
| 999 |
_c585687 _d585687 |
||